Normal view
MARC view
- Covey S R & Link G
Entry Personal Name
001 - CONTROL NUMBER
- control field: 215064
003 - CONTROL NUMBER IDENTIFIER
- control field: OSt
005 - DATE AND TIME OF LATEST TRANSACTION
- control field: 20251118153509.0
008 - FIXED-LENGTH DATA ELEMENTS
- fixed length control field: 251118|| aca||aabn | a|a d
040 ## - CATALOGING SOURCE
- Original cataloging agency: OSt
- Transcribing agency: OSt
100 ## - HEADING--PERSONAL NAME
- Personal name: Covey S R & Link G
670 ## - SOURCE DATA FOUND
- Source citation: Work cat.: (OSt)89758: Covey S R 214839, Smart Trust , 2012